Pokémon avec la plus grande Attaque Spéciale - A-Z - Statistiques

Statistiques générales
  • Ce quiz a été pris 95 fois
    91 depuis la dernière actualisation
  • Le résultat moyen est 9 sur 26
Statistiques - réponses
Lettre Att. Spé Pokémon % Correct
X 131 Xerneas
88%
Y 131 Yveltal
86%
R 150 Rayquaza | Reshiram
78%
M 154 Mewtwo
76%
D 180 Deoxys (Attaque)
73%
U 75 Ursaring
53%
K 170 Kyurem Blanc
47%
N 157 Necrozma (Ailes de l'Aurore)
45%
L 145 Lucanon | Lugulabre
43%
C 173 Câblifère
39%
Q 55 Qwilfish
37%
A 153 Amphinobi (Sachanobi)
35%
H 170 Hoopa (Forme Déchaînée)
35%
E 145 Éthernatos
22%
I 109 Iguolta
22%
V 130 Volcanion
22%
B 125 Beldeneige | Boréas
20%
W 105 Wimessir (mâle)
20%
P 151 Pierroteknik
18%
F 145 Fulguris (Forme Totémique)
16%
J 105 Jungko
14%
O 126 Oratoria
14%
S 165 Sylveroy (Cavalier de l'Effroi)
14%
T 130 Tokopiyon
12%
Z 127 Zéroïd
12%
G 130 Givrali
6%
Aucun quiz correspondant
Distribution des résultats
% des personnes avec chaque résultat
Percentile par nombre de réponses
Votre historique - résultats
Vous n’avez pas pris ce quiz depuis la dernière actualisation